| 000 | 01016nam a2200289 a 4500 | ||
|---|---|---|---|
| 001 | 000043695 | ||
| 003 | DO-SdBPM | ||
| 005 | 20250821130032.0 | ||
| 007 | ta | ||
| 008 | 140403s1997 dr ac 000 0 spa d | ||
| 040 |
_aDO-SdBPM _bspa _erda _cBPMSU |
||
| 082 | 4 |
_a320.97293 _bD536c 1997 _222 |
|
| 245 | 0 | 0 | _aDiálogo con el presidente. |
| 260 |
_a _b _b _c |
||
| 264 |
_aSanto Domingo : _bDirección Gerneral de Información y Prensa de la Pres _c1997 |
||
| 300 |
_a 105 páginas. : _b ilustraciones, fotografías a blanco y negro. ; _c22 cm. _f |
||
| 336 |
_atexto _btxt _2rdacontent |
||
| 337 |
_asin mediación _bn _2rdamedia |
||
| 338 |
_avolumen _bnc _2rdacarrier |
||
| 590 | _aInventariado, 2025/VM | ||
| 600 | 1 | 4 |
_aFernández, Leonel, _d1953- |
| 650 | 7 | _aDiálogo | |
| 651 | 7 |
_aRepública Dominicana _xPolítica y gobierno |
|
| 710 | 2 |
_aRepública Dominicana _b.Dirección General de Información y Prensa de la Presidencia. _4 |
|
| 910 | _aVMateo V. Control de calidad. BPMSU | ||
| 942 |
_2ddc _cBK |
||
| 999 |
_c8207 _d8207 |
||